Study on slum in sangkat chrang cham res mouy, khan russry keo, phnom penh; ការសិក្សាអំពីសំណង់បណ្ដោះអាសន្ននៅសង្កាត់ច្រាំងចំរេះ ១ ខណ្ឌឬស្សីកែវ រាជធានីភ្នំពេញ (Record no. 10819)
[ view plain ]
| 000 -LEADER | |
|---|---|
| fixed length control field | 00697nam a22001577a 4500 |
| 003 - CONTROL NUMBER IDENTIFIER | |
| control field | OSt |
| 005 - DATE AND TIME OF LATEST TRANSACTION | |
| control field | 20161110111709.0 |
| 008 - FIXED-LENGTH DATA ELEMENTS--GENERAL INFORMATION | |
| fixed length control field | 161110b xxu||||| |||| 00| 0 eng d |
| 040 ## - CATALOGING SOURCE | |
| Transcribing agency | RUA |
| 082 ## - DEWEY DECIMAL CLASSIFICATION NUMBER | |
| Classification number | LMA KEO 2015 B529 Or.1 |
| 100 ## - MAIN ENTRY--PERSONAL NAME | |
| 9 (RLIN) | 11247 |
| Personal name | KEO PISEY; កែវ ពិសី |
| 245 ## - TITLE STATEMENT | |
| Title | Study on slum in sangkat chrang cham res mouy, khan russry keo, phnom penh; ការសិក្សាអំពីសំណង់បណ្ដោះអាសន្ននៅសង្កាត់ច្រាំងចំរេះ ១ ខណ្ឌឬស្សីកែវ រាជធានីភ្នំពេញ |
| 260 ## - PUBLICATION, DISTRIBUTION, ETC. (IMPRINT) | |
| Place of publication, distribution, etc. | PHNOM PENH |
| Name of publisher, distributor, etc. | KEO |
| Date of publication, distribution, etc. | 2015 |
| 300 ## - PHYSICAL DESCRIPTION | |
| Extent | xi;41p. |
| Other physical details | ill. |
| Dimensions | 29cm. |
| 942 ## - ADDED ENTRY ELEMENTS (KOHA) | |
| Source of classification or shelving scheme | |
| Koha item type | LMA |
| Price effective from | Date last seen | Permanent Location | Not for loan | Date acquired | Source of classification or shelving scheme | Koha item type | Lost status | Withdrawn status | Date last checked out | Total Checkouts | Shelving location | Damaged status | Barcode | Current Location | Full call number |
|---|---|---|---|---|---|---|---|---|---|---|---|---|---|---|---|
| 2016-11-10 | 2016-11-10 | Library Block B | 2016-11-10 | LMA | B529 | A03259 | Library Block B | LMA KEO 2015 B529 Or.1 | |||||||
| 2016-11-10 | 2021-07-28 | Library Block B | 2016-11-10 | LMA | 2021-07-13 | 2 | B529 | A03183 | Library Block B | LMA KEO 2015 B529 Or.2 | |||||
| 2016-11-10 | 2016-11-10 | Library Block B | 2016-11-10 | LMA | B529 | A03253 | Library Block B | LMA KEO 2015 B529 Or.3 | |||||||
| 2016-11-10 | 2020-01-10 | Library Block B | 2016-11-10 | LMA | 2019-12-04 | 1 | B529 | A03116 | Library Block B | LMA KEO 2015 B529 Or.4 | |||||
| 2016-11-10 | 2016-11-10 | Library Block B | 2016-11-10 | LMA | B529 | A03020 | Library Block B | LMA KEO 2015 B529 Or.5 | |||||||
| 2016-11-10 | 2016-11-10 | Library Block B | 2016-11-10 | LMA | B529 | A03128 | Library Block B | LMA KEO 2015 B529 Or.6 | |||||||
| 2016-11-10 | 2016-11-10 | Library Block B | 2016-11-10 | LMA | B529 | A03052 | Library Block B | LMA KEO 2015 B529 Or.7 |